<?xml version="1.0" encoding="UTF-8"?>
<record
    xmlns:xsi="http://www.w3.org/2001/XMLSchema-instance"
    xsi:schemaLocation="http://www.loc.gov/MARC21/slim http://www.loc.gov/standards/marcxml/schema/MARC21slim.xsd"
    xmlns="http://www.loc.gov/MARC21/slim">

  <leader>00750nam a2200181Ia 4500</leader>
  <controlfield tag="008">100921s9999    xx            000 0 und d</controlfield>
  <datafield tag="082" ind1=" " ind2=" ">
    <subfield code="b">30864</subfield>
    <subfield code="a">891.46108 &#x925; 94</subfield>
  </datafield>
  <datafield tag="100" ind1=" " ind2=" ">
    <subfield code="a">&#x92C;&#x94B;&#x915;&#x940;&#x932; &#x938;&#x902;&#x91C;&#x940;&#x935;&#x928;&#x940;.</subfield>
  </datafield>
  <datafield tag="245" ind1=" " ind2=" ">
    <subfield code="a">&#x939;&#x93E; &#x92B;&#x947;&#x930; &#x92D;&#x94B;&#x902;&#x921;&#x932;&#x94D;&#x92F;&#x93E;&#x902;&#x91A;&#x93E;.</subfield>
  </datafield>
  <datafield tag="260" ind1=" " ind2=" ">
    <subfield code="b">&#x915;&#x941;&#x92E;&#x91C;&#x93E;&#x908; &#x92A;&#x94D;&#x930;&#x915;&#x93E;&#x936;&#x928;, &#x92A;&#x941;&#x923;&#x947;.</subfield>
    <subfield code="c">1994</subfield>
  </datafield>
  <datafield tag="300" ind1=" " ind2=" ">
    <subfield code="a">31</subfield>
    <subfield code="b">&#x92E;&#x92F;&#x941;&#x930;&#x947;&#x937; &#x92C;&#x941;&#x915; &#x90F;&#x91C;&#x928;&#x94D;&#x938;&#x940;,&#x915;&#x930;&#x93E;&#x921;</subfield>
  </datafield>
  <datafield tag="365" ind1=" " ind2=" ">
    <subfield code="b">10</subfield>
  </datafield>
  <datafield tag="520" ind1=" " ind2=" ">
    <subfield code="a">&#x932;&#x932;&#x93F;&#x924;-&#x915;&#x93E;&#x935;&#x94D;&#x92F;-&#x92A;&#x94D;&#x930;&#x938;&#x902;&#x917;&#x93F;&#x915;.</subfield>
  </datafield>
  <datafield tag="630" ind1=" " ind2=" ">
    <subfield code="a">&#x939;&#x93E; &#x92B;&#x947;&#x930; &#x92D;&#x94B;&#x902;&#x921;&#x932;&#x94D;&#x92F;&#x93E;&#x902;&#x91A;&#x93E;.</subfield>
  </datafield>
  <datafield tag="650" ind1=" " ind2=" ">
    <subfield code="a">&#x932;&#x932;&#x93F;&#x924;-&#x915;&#x93E;&#x935;&#x94D;&#x92F;-&#x92A;&#x94D;&#x930;&#x938;&#x902;&#x917;&#x93F;&#x915;.</subfield>
  </datafield>
  <datafield tag="730" ind1=" " ind2=" ">
    <subfield code="a">&#x939;&#x93E; &#x92B;&#x947;&#x930; &#x92D;&#x94B;&#x902;&#x921;&#x932;&#x94D;&#x92F;&#x93E;&#x902;&#x91A;&#x93E;.</subfield>
  </datafield>
  <datafield tag="942" ind1=" " ind2=" ">
    <subfield code="c">BOOK</subfield>
  </datafield>
  <datafield tag="999" ind1=" " ind2=" ">
    <subfield code="c">779977</subfield>
    <subfield code="d">779974</subfield>
  </datafield>
  <datafield tag="952" ind1=" " ind2=" ">
    <subfield code="0">0</subfield>
    <subfield code="1">0</subfield>
    <subfield code="4">0</subfield>
    <subfield code="7">1</subfield>
    <subfield code="a">WAITILAKGS</subfield>
    <subfield code="b">WAITILAKGS</subfield>
    <subfield code="c">891.46108 &#x925; 94</subfield>
    <subfield code="d">0000-00-00</subfield>
    <subfield code="g">10.00</subfield>
    <subfield code="l">0</subfield>
    <subfield code="p">WAITILAKGS-30864</subfield>
    <subfield code="r">2010-09-21 00:00:00</subfield>
    <subfield code="w">2010-09-21</subfield>
    <subfield code="y">BOOK</subfield>
    <subfield code="z">&#x938;&#x902;&#x926;&#x930;&#x94D;&#x92D;</subfield>
  </datafield>
</record>
